<?xml version="1.0" encoding="UTF-8"?><OAI-PMH xmlns="http://www.openarchives.org/OAI/2.0/" xmlns:xsi="http://www.w3.org/2001/XMLSchema-instance"     xsi:schemaLocation="http://www.openarchives.org/OAI/2.0/ http://www.openarchives.org/OAI/2.0/OAI-PMH.xsd"><responseDate>2026-05-17T12:03:50Z</responseDate><request verb="GetRecord" identifier="oai:regmurcia.com:fintegr.1604" metadataPrefix="marc21">http://oai.regmurcia.com/oai2/oai2.php</request><GetRecord><record><header><identifier>oai:regmurcia.com:fintegr.1604</identifier><datestamp>2026-05-17</datestamp><setSpec>documentos</setSpec></header><metadata><record  xmlns="http://www.loc.gov/MARC21/slim" xmlns:xsi="http://www.w3.org/2001/XMLSchema-instance" xsi:schemaLocation="http://www.loc.gov/MARC21/slim http://www.loc.gov/standards/marcxml/schema/MARC21slim.xsd" type="Bibliographic"><leader>00000nam a2200000   4500</leader><controlfield tag="001" >005078259</controlfield><controlfield tag="003" >1604</controlfield><controlfield tag="004" >A00000000</controlfield><datafield tag="245" ind1=" " ind2=" "><subfield code="a">Expediente sobre la tala de Baza ordenada por la reina Isabel.</subfield></datafield><datafield tag="300" ind1=" " ind2=" "><subfield code="c">222 x 156, 202 x 219, 309 x 222, 223 x 156 mm,</subfield></datafield><datafield tag="300" ind1=" " ind2=" "><subfield code="a">8 fol.</subfield></datafield><datafield tag="351" ind1=" " ind2=" "><subfield code="a">Unidad Documental compuesta</subfield><subfield code="c">Archivo de Murcia. Array</subfield><subfield code="a">Unidad Documental compuesta</subfield><subfield code="c">Archivo de Murcia. Array</subfield></datafield><datafield tag="351" ind1=" " ind2=" "><subfield code="b">Nº 60</subfield></datafield><datafield tag="506" ind1=" " ind2=" "><subfield code="a">Acceso restringido</subfield></datafield><datafield tag="520" ind1=" " ind2=" "><subfield code="a">Contiene:&lt;/br&gt;- Testimonio de la presentación ante el concejo de Murcia por Mendo Cabrera de una carta del Capitán Benavides y el traslado de tres cartas de la reina,   (1484-5-20. Murcia).&lt;/br&gt;- Carta del capitán Benavides dando fe y creencia  a Mendo de Cabrera para tratar con  el concejo; y poder para hacer lo que fuera necesario para cumplir las órdenes de la reina, (1484-5-18.Lorca).&lt;/br&gt;- Traslado (1484-5-14. Segura de la Sierra) de:&lt;/br&gt;  ¿ Misiva de Isabel I al capitán Juan de Benavides, mandando que los hombres dispuestos por Lorca y Murcia  para la tala de Huescar, debían marchar a la tala de Baza. Da fe y creencia a Juan de Avila  para tratar estos asuntos, (1484-5-11. Jaén). &lt;/br&gt; ¿ Misiva de Isabel I al concejo de Murcia  mandando que sus tropas se unan al capitán Benavides para ir a la tala de Baza, en vez de a Huescar, y que lo hagan cuando y donde les diga Juan de Avila, (1484-5-11. Jaén).&lt;/br&gt; ¿Misiva de Isabel I al concejo de Lorca  mandando que sus tropas se unan al capitán Benavides para ir a la tala de Baza, en vez de a Huescar, y que lo hagan cuando y donde les diga Juan de Avila, (1484-5-11. Jaén).&lt;/br&gt;- Respuesta del concejo de Murcia, alegando que Baza estaba muy lejos de la frontera y que su marcha sólo traería perjuicios a la ciudad, porque  era tiempo de recoger la cosecha de cereal y en la ciudad había una gran carestía, ( 1484-5-22. Murcia).</subfield></datafield><datafield tag="583" ind1=" " ind2=" "><subfield code="u">http://www.regmurcia.com/servlet/s.Sl?METHOD=VERDOCUMENTO&amp;sit=serv,Carmesi&amp;n=/01/1411/indice.djvu</subfield></datafield><datafield tag="592" ind1=" " ind2=" "><subfield code="a">1484-05-11/1484-05-22</subfield></datafield><datafield tag="592" ind1=" " ind2=" "><subfield code="d">1484-05-22 00:00:00</subfield></datafield><datafield tag="651" ind1=" " ind2=" "><subfield code="a">Murcia</subfield></datafield><datafield tag="786" ind1=" " ind2=" "><subfield code="o">http://www.regmurcia.com/servlet/s.Sl?METHOD=VERDOCUMENTO&amp;sit=serv,Carmesi&amp;n=/01/1411/indice.djvu</subfield></datafield><datafield tag="856" ind1=" " ind2=" "><subfield code="u">http://www.regmurcia.com/servlet/s.Sl?METHOD=DETALLE&amp;sit=c,373,m,139,serv,Carmesi&amp;id=1604</subfield></datafield></record></metadata></record></GetRecord></OAI-PMH>
